• 首页
  • 本馆介绍
  • 公告通知
  • 最新文献
  • 馆藏检索
  • 电子资源
  • 读者导购
  • 参考咨询
  • 我的图书馆
  • 登录
  • 详细信息显示
  • 放入我的书架
  • 预约/预借图书
  • 作者相关作品
  • 分类相关作品
  • 丛书相关作品
  • 出版社相关作品

书目信息

  • 表格格式
  • 工作单格式
  • 卡片格式
题名:
电子商务网站建设与实践
    
 
作者: 梁露 , 李多 主编
分册:  
出版信息: 北京   人民邮电出版社  2012.10
页数: 324页
开本: 26cm
丛书名:
单 册:
中图分类: F713.361.2 , TP393.092.1 , F713.36
科图分类:
主题词: 电子商务--网站--建设--高等职业教育--教材
电子资源:
ISBN: 978-7-115-29374-9
000 01348nam0 2200289 450
001 3631
005 20181009100042.31
010    @a978-7-115-29374-9@dCNY42.80
100    @a20130127d2012 em y0chiy50 ea
101 0  @achi
102    @aCN@b110000
105    @aa z 000yy
200 1  @a电子商务网站建设与实践@9dian zi shang wu wang zhan jian she yu shi jian@dConstruction and practice of E-commerce sites@f梁露,李多主编@zeng
205    @a3版
210    @a北京@c人民邮电出版社@d2012.10
215    @a324页@c图@d26cm
300    @a普通高等教育“十一五”国家级规划教材 工业和信息化人才培养规划教材 高职高专计算机系列
330    @a本书系统地讲述创建电子商务网站的基础理论、基本技术和应用技巧,在综合实例中讲解电子商务网站创建的过程。全书共7章,主要内容包括创建电子商务网站的规划知识,创建网站的技术知识,数据库的管理和使用技术,网站创建后的推广技术,网站的管理、维护与安全知识等,并通过实例模拟网站创建的全过程。本书由基础理论入手,按照电子商务网站创建的过程展开介绍,特别适合初学者由浅入深地学习。
510 1  @aConstruction and practice of E-commerce sites@zeng
606 0  @a电子商务@x网站@x建设@x高等职业教育@j教材
690    @aF713.361.2@v5
690    @aTP393.092.1@v5
690    @aF713.36@v4
701  0 @a梁露@9liang lu@4主编
701  0 @a李多@9li duo@4主编
801  0 @aCN@b91MARC@c20130904
905    @aMuseLib@dF713.36@e1096=3
    
    电子商务网站建设与实践=Construction and practice of E-commerce sites/梁露,李多主编.-3版.-北京:人民邮电出版社,2012.10
    324页:图;26cm
    普通高等教育“十一五”国家级规划教材 工业和信息化人才培养规划教材 高职高专计算机系列
    
    ISBN 978-7-115-29374-9:CNY42.80
    本书系统地讲述创建电子商务网站的基础理论、基本技术和应用技巧,在综合实例中讲解电子商务网站创建的过程。全书共7章,主要内容包括创建电子商务网站的规划知识,创建网站的技术知识,数据库的管理和使用技术,网站创建后的推广技术,网站的管理、维护与安全知识等,并通过实例模拟网站创建的全过程。本书由基础理论入手,按照电子商务网站创建的过程展开介绍,特别适合初学者由浅入深地学习。
●
相关链接 在E读中查询图书 在五车中查询图书 在当当中查询图书 在豆瓣中查询图书


正题名:电子商务网站建设与实践     索取号:F713.36/1096=3         预约/预借

序号 登录号 条形码 馆藏地/架位号 状态 备注
1 1122952   211229525   第一样本阅览室/ [索取号:F713.36/1096=3] 在馆    
2 1122953   211229534   第一借阅区/ [索取号:F713.36/1096=3] 在馆    
3 1122954   211229543   第一借阅区/ [索取号:F713.36/1096=3] 在馆    
4 1122955   211229552   第一借阅区/ [索取号:F713.36/1096=3] 在馆    
5 1122956   211229561   第一借阅区/ [索取号:F713.36/1096=3] 在馆    
唐山师范学院图书馆 欢迎您!
大连网信软件有限公司© 版权所有